|
|
|
|
| LEADER |
01321nam a2200349 a 4500 |
| 001 |
EBC770960 |
| 003 |
MiAaPQ |
| 005 |
20200520144314.0 |
| 006 |
m o d | |
| 007 |
cr cn||||||||| |
| 008 |
111104s2011 ne sb 001 0ddut d |
| 020 |
|
|
|z 9789052603698
|
| 020 |
|
|
|a 9789048515325 (electronic bk.)
|
| 035 |
|
|
|a (MiAaPQ)EBC770960
|
| 035 |
|
|
|a (Au-PeEL)EBL770960
|
| 035 |
|
|
|a (CaPaEBR)ebr10498842
|
| 035 |
|
|
|a (CaONFJC)MIL325939
|
| 035 |
|
|
|a (OCoLC)751963306
|
| 040 |
|
|
|a MiAaPQ
|c MiAaPQ
|d MiAaPQ
|
| 050 |
|
4 |
|a D802.A2
|b S34 2011
|
| 100 |
1 |
|
|a Scheps, Niek.
|
| 245 |
1 |
0 |
|a Weersta vanaf het begin maar slechts met het Geesteszwaard
|h [electronic resource] :
|b het verzetswerk van J.H. Scheps 1940-1945 /
|c Niek Scheps.
|
| 260 |
|
|
|a Amsterdam :
|b Aksant,
|c 2011.
|
| 300 |
|
|
|a 377 p.
|
| 504 |
|
|
|a Includes bibliographical references and index.
|
| 533 |
|
|
|a Electronic reproduction. Ann Arbor, MI : ProQuest, 2015. Available via World Wide Web. Access may be limited to ProQuest affiliated libraries.
|
| 600 |
1 |
0 |
|a Scheps, J. H.
|
| 650 |
|
0 |
|a World War, 1939-1945
|x Underground movements.
|
| 650 |
|
0 |
|a World War, 1939-1945
|v Biography.
|
| 655 |
|
4 |
|a Electronic books.
|
| 710 |
2 |
|
|a ProQuest (Firm)
|
| 856 |
4 |
0 |
|u https://ebookcentral.proquest.com/lib/matrademy/detail.action?docID=770960
|z Click to View
|